000
00257nam a2200097Ia 4500
008
240331s9999 xx 000 0 und d
082
_b
NEG
100
_a
Rupasinghe,K. ed
245
0
_a
Negotiating peace in Sri Lanka :
_b
efforts ,failures and lessons
942
_c
L
999
_c
2241
_d
2241